تحميل...
അരസൈക്കിൾ :നാല് കുട്ടിക്കഥകൾ
| المؤلف الرئيسي: | |
|---|---|
| مؤلفون آخرون: | |
| التنسيق: | Printed Book |
| منشور في: |
Kottayam
DC Books
2016
|
| الموضوعات: |
| LEADER | 00630nam a22001697a 4500 | ||
|---|---|---|---|
| 020 | |a 9788126473762 | ||
| 082 | |a M808.068 |b REN/A | ||
| 100 | |a രേണുകുമാർ, എം.ആർ. | ||
| 245 | |a അരസൈക്കിൾ :നാല് കുട്ടിക്കഥകൾ | ||
| 260 | |a Kottayam |b DC Books |c 2016 | ||
| 300 | |a 79p. | ||
| 650 | |a Arasaikkil | ||
| 650 | |a Children' literature-Malayalam | ||
| 700 | |a Renukumar,M.R | ||
| 942 | |c BK | ||
| 999 | |c 43444 |d 43444 | ||
| 952 | |0 0 |1 0 |4 0 |6 M_808_068000000000000_RENA |7 0 |8 Stack |9 47393 |a KUCL |b KUCL |c M |d 2017-03-22 |g 70.00 |l 7 |m 2 |o M808.068 REN/A |p 44271 |r 2020-03-07 |s 2020-02-01 |w 2017-03-22 |y BK | ||